00353 a2200109 4500001001000000005001700010008004100027245005600068100003400124773006800158999001700226ART_5442320260410162009.0260409a 10aDonación, legítima y prescripción adquisitiva1 aFossaceca, Carlos Alberto (h)0 tTemas de derecho civilg- Año 7, N° 10 (oct. 2021)wREV34778 c31973d31973